| 000 | 00921cam a2200301 x 4500 | ||
|---|---|---|---|
| 001 | 2511813 | ||
| 008 | 961009s1996 enka 00110 eng b | ||
| 010 | _a 95030523 | ||
| 015 | _ab96Z5282 | ||
| 020 | _a0192832026 | ||
| 020 | 1 | 0 |
_a0192832026 _cm |
| 040 | 0 | 0 | _aBDS |
| 082 | 0 | 0 |
_a510 _220 |
| 100 | 1 | 0 |
_aStewart, Ian, _d1945- |
| 245 | 1 | 0 |
_aFrom here to infinity / _cIan Stewart. |
| 260 |
_aOxford : _bOxford University Press, _c1996. |
||
| 300 |
_ax,310p _bill _c20cm _epbk |
||
| 350 | 0 | 0 | _a£7.99 : Formerly CIP |
| 500 | _aNew ed. - Previous ed.: published as The problems of mathematics. 1992 | ||
| 504 | 0 | 0 | _aBibliography: p284-297. - Includes index |
| 650 | 0 | _aMathematics. | |
| 700 | 1 | 1 |
_aStewart, Ian, _d1945- _tProblems of mathematics. _9459 |
| 942 |
_2ddc _cBK |
||
| 956 | _aNLS | ||
| 999 |
_c218 _d218 |
||